00581 2200217 4500001002100000005001700021008004100038035002400079090001500103100001900118245005700137250001500194260003100209300002200240500003100262650002100293850001500314980001300329985000600342999001500348YOGYA-0209000003233620090227024656.0 ind  0010-020900000032336 a352bSuj T aSUJITO, Irawan aTeknik membuat peraturan daerahcoleh Irawan Soejito aEd.1,cet,1 aJakartabBina Aksarac1983 ax, 230 hlmc21 cm aBibliografi : hlm. 229-230 aPeraturan daerah aYOPDYOG(B) a08-12-06 a1 a06A0016205